[Event "Hannover-ch U18"]
[Site "Bueckeburg"]
[Date "2007.11.02"]
[Round "3"]
[White "Schoder, Michael"]
[Black "Kaase, Julian"]
[Result "0-1"]
[WhiteElo "1327"]
[BlackElo "1605"]
[PlyCount "44"]
[EventDate "2007.11.01"]
[EventType "swiss"]
[EventRounds "7"]
[EventCountry "GER"]
[SourceTitle "EXT 2021"]
[Source "ChessBase"]
[SourceDate "2020.10.23"]
[SourceVersion "1"]
[SourceVersionDate "2020.10.23"]
[SourceQuality "1"]

1. e4 c5 2. Bc4 e6 3. Nc3 Nf6 4. d3 d5 5. Bb5+ Bd7 6. Bxd7+ Nbxd7 7. Bg5 d4 8. Nce2 Be7 9. Bxf6 Bxf6 10. Nf3 Rc8 11. 0-0 0-0 12. Rb1 Nb6 13. b3 Qd6 14. Nd2 Be7 15. Nc4 Nxc4 16. bxc4 Qa6 17. Qd2 e5 18. Kh1 f5 19. Ng3 g6 20. exf5 gxf5 21. Rfe1 f4 22. Rxe5 Bf6 0-1